5 Seconds of Summer (5SOS) - Evolve - All lyrics - Statistics

General Stats
  • This quiz has been taken 90 times
    66 since last reset
  • The average score is 449 of 487
Answer Stats
Answer % Correct
do
100%
fun
100%
get
100%
Get
100%
have
100%
I
100%
make
100%
wanna
100%
When
100%
(When
100%
a
98%
A
98%
all,
98%
all
98%
can
98%
control
98%
drugs
98%
evolve
98%
Evolve
98%
Evolve,
98%
got
98%
know
98%
lo-lo-lo-lo-love
98%
lost
98%
love
98%
me
98%
me,
98%
me)
98%
monkey
98%
that
98%
to
98%
to)
98%
to,
98%
To
98%
You
98%
you
98%
you)
98%
you,
98%
an
96%
and
96%
drunk
96%
for
96%
from
96%
high
96%
man
96%
mean
96%
on
96%
on)
96%
On
96%
(On
96%
Wait
96%
(Wait
96%
what
96%
be
94%
callin'
94%
Creme
94%
creme
94%
de
94%
fucked
94%
la
94%
pink
94%
limousine
92%
lowlife
92%
So
92%
(So
92%
the
92%
baby,
90%
but
90%
But
90%
(But
90%
I'm
90%
it
90%
my
90%
other
90%
party
90%
side
90%
side)
90%
up?
90%
been
88%
beggin'
88%
boys'
88%
boys
88%
Chill,
88%
chill,
88%
Don't
88%
emotional
88%
grow
88%
junkie
88%
Round
88%
than
88%
trip
88%
you've
88%
above
85%
Angel
85%
around,
85%
earlier
85%
honey
85%
money
85%
wrong,
85%
girls
83%
gonna
83%
gotta
83%
just
83%
keep
83%
late
83%
spend
83%
grip
81%
hits
81%
power
81%
take
81%
hard
79%
it's
79%
right
79%
sayin'
79%
you're
79%
are
77%
soul
77%
movin'
75%
hold
73%
week
73%
energy
71%
Freak
71%
(Goddamn)
71%
learn
69%
more
69%
ready
69%
due
67%
tend
67%
mature
65%
is
60%
one
60%
two
60%
years
60%
This
58%
three
58%
about
54%
As
54%
result,
54%
brains
52%
in
50%
may
50%
development,
48%
During
48%
sooner
48%
Out
46%
occur
44%
which
44%
considered
42%
myelination
38%
ah,
27%
ah
27%
No matching quizzes found
Score Distribution
Percent of People with Each Score
Percentile by Number Answered
Your Score History
You have not taken this quiz since the last reset